Производство огнеупоров

Bibliografske podrobnosti
Drugi avtorji: Кащеев И. Д. Иван Дмитриевич (редактор)
Izvleček:90 лет ДИНУР
Даны сведения о сырьевых материалах и производстве из них изделий. Приведены основные физико-химические свойства порошков, мертелей, набивных масс, теплоизоляционных и других материалов. Представлены оптимальные режимы эксплуатации изделий в тепловых агрегатах. Издание предназначено для инженерно-технических работников научно-исследовательских институтов, а также наладочных организаций и различных промышленных предприятий.
Jezik:ruščina
Izdano: Старый Оскол, ТНТ, 2022
Teme:
Format: Knjiga
KOHA link:https://koha.lib.tpu.ru/cgi-bin/koha/opac-detail.pl?biblionumber=347628

MARC

LEADER 00000nam0a2200000 4500
001 347628
005 20231102010023.0
010 |a 9785941787654 
035 |a (RuTPU)RU\TPU\book\379583 
090 |a 347628 
100 |a 20220601d2022 km y0rusy50 ca 
101 0 |a rus 
102 |a RU 
105 |a a z 011zy 
200 1 |a Производство огнеупоров  |f под ред. И. Д. Кащеева 
210 |a Старый Оскол  |c ТНТ  |d 2022 
215 |a 348 с.  |c ил. 
300 |a 90 лет ДИНУР 
320 |a Библиогр.: с. 339-348 
330 |a Даны сведения о сырьевых материалах и производстве из них изделий. Приведены основные физико-химические свойства порошков, мертелей, набивных масс, теплоизоляционных и других материалов. Представлены оптимальные режимы эксплуатации изделий в тепловых агрегатах. Издание предназначено для инженерно-технических работников научно-исследовательских институтов, а также наладочных организаций и различных промышленных предприятий. 
606 1 |a Огнеупорное производство  |x Сырье  |2 stltpush  |3 (RuTPU)RU\TPU\subj\35087  |9 56863 
610 1 |a минеральное сырье 
610 1 |a техногенное сырье 
610 1 |a огнеупорные изделия 
610 1 |a физико-химические свойства 
610 1 |a огнеупорные материалы 
610 1 |a полиморфные превращения 
610 1 |a динасовые огнеупоры 
610 1 |a кремнеземистые огнеупоры 
610 1 |a периклазсодержащие огнеупоры 
610 1 |a высокоглиноземистые огнеупоры 
610 1 |a корундовые огнеупоры 
610 1 |a плавленый диоксид циркония 
610 1 |a неформованные огнеупоры 
675 |a 666.76  |v 4 
702 1 |a Кащеев  |b И. Д.  |g Иван Дмитриевич  |4 340 
801 1 |a RU  |b 63413507  |c 20220601 
801 2 |a RU  |b 63413507  |c 20220721  |g RCR 
942 |c BK 
959 |a 8/20220531  |d 1  |e 16929,00  |f ЧЗТЛ:1